| 000 | 00392 a2200157 4500 | ||
|---|---|---|---|
| 003 | OSt | ||
| 005 | 20180116182855.0 | ||
| 008 | 160428b xxu||||| |||| 00| 0 eng d | ||
| 020 | _a8129704501 | ||
| 040 | _c0 | ||
| 100 | _aDavid Bolchover | ||
| 245 |
_aThe 90 minute Manager _bBusiness Lessons from the Dugout |
||
| 260 |
_aIndia _c2002 |
||
| 300 | _a296 | ||
| 942 |
_aNBS _cBK _k658.4 BOL _2ddc |
||
| 999 |
_c347633 _d347633 |
||